| 000 | 00385nam a2200157Ia 4500 | ||
|---|---|---|---|
| 008 | 221030s9999 xx 000 0 und d | ||
| 020 | _a8178082918 | ||
| 041 | _aEnglish | ||
| 082 |
_a105.23 _bBay |
||
| 100 | _aD. L. Bayles | ||
| 245 | 0 | _aE- Commerce Logisitics & Fulfillment | |
| 260 |
_bPearson Education _aDelhi _c2001 |
||
| 300 | _a348 | ||
| 650 | _aMBA Computers | ||
| 942 | _cBK | ||
| 999 |
_c1716 _d1716 |
||